[Event "POL-chT 1st League"]
[Site "Sypniewo"]
[Date "2022.09.09"]
[Round "7.11"]
[White "Smagalski, Slawomir"]
[Black "Sroka, Janusz"]
[Result "1/2-1/2"]
[WhiteElo "1959"]
[BlackElo "1980"]
[PlyCount "26"]
[EventDate "2022.09.03"]
[EventType "team-swiss"]
[EventRounds "9"]
[EventCountry "POL"]
[SourceTitle "CBM 210 Extra"]
[Source "ChessBase"]
[SourceDate "2022.11.30"]
[SourceVersion "1"]
[SourceVersionDate "2022.11.30"]
[SourceQuality "1"]
[WhiteTeam "Konin Hetman"]
[BlackTeam "Chroscice Victoria"]
[WhiteTeamCountry "POL"]
[BlackTeamCountry "POL"]

1. Nf3 d5 2. d4 Nf6 3. e3 c6 4. Bd3 g6 5. Ne5 Bg7 6. Nd2 Nbd7 7. f4 a6 8. 0-0 e6 9. c3 c5 10. a4 b6 11. Qf3 Bb7 12. g4 Qc7 13. h4 h5 1/2-1/2

[Event "POL-chT 1st League"]
[Site "Sypniewo"]
[Date "2022.09.03"]
[Round "1.4"]
[White "Sroka, Janusz"]
[Black "Walter, Szymon"]
[Result "0-1"]
[WhiteElo "1980"]
[BlackElo "2306"]
[PlyCount "50"]
[EventDate "2022.09.03"]
[EventType "team-swiss"]
[EventRounds "9"]
[EventCountry "POL"]
[SourceTitle "CBM 210 Extra"]
[Source "ChessBase"]
[SourceDate "2022.11.30"]
[SourceVersion "1"]
[SourceVersionDate "2022.11.30"]
[SourceQuality "1"]
[WhiteTeam "Chroscice Victoria"]
[BlackTeam "Podlesie UKS 21"]
[WhiteTeamCountry "POL"]
[BlackTeamCountry "POL"]

1. e4 c5 2. Nf3 Nc6 3. d3 g6 4. g3 Bg7 5. Bg2 e5 6. 0-0 Nge7 7. Re1 0-0 8. c3 d6 9. Nbd2 h6 10. Rb1 Be6 11. a3 a5 12. a4 f5 13. Bh3 d5 14. Nh4 Kh7 15. exf5 Nxf5 16. Nxf5 Bxf5 17. Bxf5 Rxf5 18. Nf1 Qd7 19. Qg4 e4 20. Bf4 exd3 21. Ne3 Rf7 22. Qh4 h5 23. Rbd1 Bf6 24. Bg5 Ne5 25. Kg2 Nf3 0-1

[Event "Ustron op-B"]
[Site "Ustron"]
[Date "2022.08.18"]
[Round "7"]
[White "Czarnecka, Lidia"]
[Black "Sroka, Janusz"]
[Result "1-0"]
[WhiteElo "1908"]
[BlackElo "2020"]
[PlyCount "49"]
[EventDate "2022.08.12"]
[EventType "swiss"]
[EventRounds "9"]
[EventCountry "POL"]
[SourceTitle "CBM 209 Extra"]
[Source "ChessBase"]
[SourceDate "2022.09.30"]
[SourceVersion "1"]
[SourceVersionDate "2022.09.30"]
[SourceQuality "1"]

1. e4 d6 2. d4 Nf6 3. Nc3 g6 4. f4 Bg7 5. Nf3 0-0 6. Bd3 c5 7. dxc5 dxc5 8. e5 Nd5 9. Nxd5 Qxd5 10. Qe2 Qc6 11. 0-0 Na6 12. Be4 Qc7 13. Be3 Rb8 14. Rad1 b6 15. c3 Bb7 16. Bf2 Rbd8 17. f5 Nb8 18. e6 Bxe4 19. Qxe4 gxf5 20. Qxf5 f6 21. Bg3 Qb7 22. Nh4 Kh8 23. Qg4 Rxd1 24. Rxd1 Rg8 25. Ng6+ 1-0

[Event "POL-chT 2nd League"]
[Site "Sypniewo"]
[Date "2021.09.04"]
[Round "1.16"]
[White "Sroka, Janusz"]
[Black "Wlodarczak, Damian"]
[Result "1/2-1/2"]
[WhiteElo "1912"]
[BlackElo "1820"]
[PlyCount "136"]
[EventDate "2021.09.04"]
[EventType "team-swiss"]
[EventRounds "9"]
[EventCountry "POL"]
[SourceTitle "CBM 204 Extra"]
[Source "ChessBase"]
[SourceDate "2021.11.30"]
[SourceVersion "1"]
[SourceVersionDate "2021.11.30"]
[SourceQuality "1"]
[WhiteTeam "Chroscice Victoria"]
[BlackTeam "Srem LKS Piast"]
[WhiteTeamCountry "POL"]
[BlackTeamCountry "POL"]

1. e4 d5 2. exd5 Qxd5 3. Nc3 Qd6 4. d4 Nf6 5. Nf3 Bg4 6. h3 Bh5 7. g4 Bg6 8. Ne5 c6 9. Bf4 Qb4 10. Nc4 Ne4 11. Bd2 Nxd2 12. Qxd2 e6 13. a3 Qe7 14. Bg2 Nd7 15. 0-0-0 0-0-0 16. f4 Nb6 17. Nxb6+ axb6 18. Qf2 Qc7 19. d5 Bc5 20. Qf3 h5 21. f5 exf5 22. gxf5 Bh7 23. dxc6 bxc6 24. Rxd8+ Rxd8 25. Rf1 g6 26. f6 Bd4 27. Ne4 g5 28. Nxg5 Bg6 29. Re1 Qd7 30. h4 Kb8 31. Kb1 Qd6 32. Rf1 Qd5 33. Qg3+ Qd6 34. Qb3 Rd7 35. Qc4 Bxf6 36. Qxc6 Qxc6 37. Bxc6 Rd6 38. Be8 Bxg5 39. hxg5 Rd5 40. Bxf7 Rxg5 41. Rf6 Rg1+ 42. Ka2 Bxc2 43. Rxb6+ Kc7 44. Rh6 Bb1+ 45. Kb3 Rg3+ 46. Kb4 Rg4+ 47. Kc5 Rg5+ 48. Kd4 Rg4+ 49. Ke3 h4 50. Bd5 Bf5 51. Bf3 Ra4 52. Rc6+ Kd7 53. Rf6 Ra5 54. Kf4 Be6 55. Bd1 Rd5 56. Rxe6 Rxd1 57. Re2 Rg1 58. Rh2 Kc6 59. Kf3 Rg3+ 60. Kf4 Kb5 61. Ke4 h3 62. Rh1 Ka4 63. Kd4 Rg2 64. Kc3 h2 65. b3+ Kxa3 66. Ra1+ Ra2 67. Rd1 Rg2 68. Ra1+ Ra2 1/2-1/2

[Event "POL-chT 2nd League"]
[Site "Jastrzebia Gora"]
[Date "2019.09.12"]
[Round "6.9"]
[White "Adamczewski, Maciej"]
[Black "Sroka, Janusz"]
[Result "1-0"]
[WhiteElo "2109"]
[BlackElo "1876"]
[PlyCount "95"]
[EventDate "2019.09.07"]
[EventType "team-swiss"]
[EventRounds "9"]
[EventCountry "POL"]
[SourceTitle "EXT 2020"]
[Source "ChessBase"]
[SourceDate "2019.10.17"]
[SourceVersion "1"]
[SourceVersionDate "2019.10.17"]
[SourceQuality "1"]
[WhiteTeam "Strzelce Opolskie Strzelec"]
[BlackTeam "Gliwice Roszada"]
[WhiteTeamCountry "POL"]
[BlackTeamCountry "POL"]

1. d4 Nf6 2. c4 d6 3. Nf3 Nbd7 4. g3 e5 5. Bg2 Be7 6. 0-0 0-0 7. Nc3 Re8 8. h3 h6 9. Be3 Bf8 10. Qc2 c6 11. Rfd1 Qe7 12. b3 a6 13. Rac1 g6 14. Nd2 Kh7 15. dxe5 dxe5 16. Na4 Qe6 17. Kh2 Ba3 18. Ra1 Bf8 19. a3 Bg7 20. Rab1 Nh5 21. Ne4 f5 22. Nec5 Qf7 23. Rxd7 Bxd7 24. Nxb7 f4 25. Nd6 Qe6 26. Nxe8 Qxe8 27. Bc5 fxg3+ 28. fxg3 e4 29. Qxe4 Be5 30. Bf2 Qe7 31. Rd1 Bf5 32. Qxc6 Rc8 33. Qf3 Qh4 34. Rd5 Qe7 35. e4 Bd7 36. Nb6 Rc7 37. Nxd7 Rxd7 38. Bf1 Rxd5 39. exd5 Qxa3 40. Bd3 Kg7 41. Qg4 Qd6 42. Be4 Qf6 43. Kg2 Qf7 44. Bf3 Nf6 45. Qc8 a5 46. Qc5 Bc3 47. Bd4 Bxd4 48. Qxd4 1-0

[Event "Rubinstein Memorial-C 55th"]
[Site "Polanica Zdroj"]
[Date "2019.08.24"]
[Round "8"]
[White "Sroka, Janusz"]
[Black "Karnasiewicz, Robert"]
[Result "1-0"]
[WhiteElo "1875"]
[BlackElo "1803"]
[PlyCount "133"]
[EventDate "2019.08.17"]
[EventType "swiss"]
[EventRounds "9"]
[EventCountry "POL"]
[SourceTitle "EXT 2020"]
[Source "ChessBase"]
[SourceDate "2019.10.17"]
[SourceVersion "1"]
[SourceVersionDate "2019.10.17"]
[SourceQuality "1"]

1. e4 c5 2. Nc3 Nc6 3. g3 g6 4. Bg2 Bg7 5. d3 d6 6. f4 e6 7. Nf3 Nge7 8. 0-0 0-0 9. Be3 Nd4 10. e5 Nef5 11. Bf2 Nxf3+ 12. Qxf3 Nd4 13. Qd1 dxe5 14. fxe5 Bxe5 15. Na4 Qc7 16. c3 Nf5 17. Nxc5 Rb8 18. d4 Bg7 19. Nd3 h5 20. Qe2 b6 21. Ne5 Bb7 22. Rfe1 Bxg2 23. Kxg2 Qb7+ 24. Qf3 Qxf3+ 25. Kxf3 Rbc8 26. h3 Rfd8 27. g4 hxg4+ 28. hxg4 Nd6 29. Bh4 Re8 30. Nd7 f5 31. Nf6+ Bxf6 32. Bxf6 Kf7 33. g5 Ne4 34. Rxe4 fxe4+ 35. Kxe4 e5 36. Bxe5 Ke6 37. Rh1 Re7 38. Rf1 Kd7 39. Kd5 Rce8 40. a4 Re6 41. b4 a6 42. c4 R8e7 43. c5 bxc5 44. bxc5 a5 45. Rb1 Ra6 46. c6+ Rxc6 47. Rb7+ Kc8 48. Rxe7 Rc1 49. Ra7 Rg1 50. Bf6 Rf1 51. Kc6 Rc1+ 52. Kd6 Ra1 53. Rxa5 Kb7 54. d5 Ra2 55. Kd7 Kb6 56. Bd8+ Kb7 57. Rb5+ Ka6 58. Rb4 Rd2 59. d6 Rd1 60. Rb6+ Ka7 61. a5 Rd5 62. Rb3 Rd1 63. Bf6 Rd5 64. Kc6 Rxa5 65. d7 Ra6+ 66. Kc5 Ra5+ 67. Kc4 1-0

[Event "Rubinstein Memorial-C 55th"]
[Site "Polanica Zdroj"]
[Date "2019.08.19"]
[Round "3"]
[White "Sroka, Janusz"]
[Black "Suchanek, Paulina"]
[Result "1-0"]
[WhiteElo "1875"]
[BlackElo "1593"]
[PlyCount "115"]
[EventDate "2019.08.17"]
[EventType "swiss"]
[EventRounds "9"]
[EventCountry "POL"]
[SourceTitle "EXT 2020"]
[Source "ChessBase"]
[SourceDate "2019.10.17"]
[SourceVersion "1"]
[SourceVersionDate "2019.10.17"]
[SourceQuality "1"]

1. e4 e6 2. d3 d5 3. Nd2 Nf6 4. Ngf3 Bc5 5. h3 Bxf2+ 6. Kxf2 dxe4 7. dxe4 Nxe4+ 8. Ke1 Ng3 9. Rg1 0-0 10. Nc4 Qe7 11. Bf4 Nxf1 12. Kxf1 Qb4 13. Nfd2 b5 14. c3 Qc5 15. Ne3 e5 16. Nb3 Qe7 17. Bg3 Be6 18. Qf3 Nd7 19. Nd5 Bxd5 20. Qxd5 e4 21. Nd4 e3 22. Ke2 c5 23. Nc6 Qe6 24. Qxe6 fxe6 25. Rgf1 Nf6 26. Bd6 Rf7 27. Bxc5 Rc8 28. Ne7+ Rxe7 29. Bxe7 Nd5 30. Bd6 b4 31. c4 Nf6 32. Rxf6 gxf6 33. c5 Kf7 34. Kxe3 e5 35. Rf1 Ke6 36. g4 Rc6 37. Rc1 Rc8 38. a3 bxa3 39. bxa3 Rg8 40. Rc4 h5 41. Ra4 hxg4 42. hxg4 a5 43. Kf3 Kd5 44. Re4 Kc6 45. Re1 Kd5 46. Rd1+ Kc6 47. Be7 e4+ 48. Kf4 Re8 49. Bd6 Re6 50. Kf5 Re8 51. Kxf6 e3 52. g5 e2 53. Re1 Re3 54. g6 Rf3+ 55. Kg5 Re3 56. g7 Re8 57. Bf8 Re3 58. Kf4 1-0

[Event "Rubinstein Memorial-C 55th"]
[Site "Polanica Zdroj"]
[Date "2019.08.18"]
[Round "2"]
[White "Halhoul, Adam"]
[Black "Sroka, Janusz"]
[Result "0-1"]
[WhiteElo "1563"]
[BlackElo "1875"]
[PlyCount "84"]
[EventDate "2019.08.17"]
[EventType "swiss"]
[EventRounds "9"]
[EventCountry "POL"]
[SourceTitle "EXT 2020"]
[Source "ChessBase"]
[SourceDate "2019.10.17"]
[SourceVersion "1"]
[SourceVersionDate "2019.10.17"]
[SourceQuality "1"]

1. d4 Nf6 2. c4 d6 3. Nc3 Nbd7 4. e4 e5 5. Nf3 Be7 6. Be2 0-0 7. 0-0 Re8 8. Re1 h6 9. Bf1 Bf8 10. d5 g6 11. Bd2 Bg7 12. b4 Rf8 13. Qc2 Nh5 14. g3 a6 15. Na4 f5 16. Nh4 Qf6 17. c5 f4 18. Bc3 b5 19. Nb2 Rf7 20. a4 bxa4 21. Rxa4 Kh7 22. Nd3 Qe7 23. Bh3 fxg3 24. hxg3 Nxc5 25. Nf5 gxf5 26. bxc5 f4 27. Bxc8 Rxc8 28. Qe2 Qg5 29. Bd2 Qg6 30. f3 fxg3 31. Rc1 Rcf8 32. Ne1 Bf6 33. cxd6 cxd6 34. Rxa6 Bg5 35. Rcc6 Rf6 36. Bb4 Nf4 37. Qb5 Qh5 38. Rc2 Nh3+ 39. Kf1 Rxf3+ 40. Nxf3 Qxf3+ 41. Ke1 Qh1+ 42. Ke2 Qf1# 0-1

[Event "Rubinstein Memorial-C 55th"]
[Site "Polanica Zdroj"]
[Date "2019.08.17"]
[Round "1"]
[White "Sroka, Janusz"]
[Black "Zyla, Tomasz"]
[Result "1-0"]
[WhiteElo "1875"]
[BlackElo "1471"]
[PlyCount "45"]
[EventDate "2019.08.17"]
[EventType "swiss"]
[EventRounds "9"]
[EventCountry "POL"]
[SourceTitle "EXT 2020"]
[Source "ChessBase"]
[SourceDate "2019.10.17"]
[SourceVersion "1"]
[SourceVersionDate "2019.10.17"]
[SourceQuality "1"]

1. e4 c5 2. Nc3 Nc6 3. f4 g6 4. Nf3 Bg7 5. Bc4 e6 6. 0-0 Nge7 7. d3 0-0 8. Qe1 d5 9. Bb3 b6 10. Qh4 Bb7 11. f5 gxf5 12. Bh6 fxe4 13. Ng5 Nf5 14. Rxf5 exf5 15. Bxg7 Kxg7 16. Qxh7+ Kf6 17. Nxd5+ Ke5 18. Nxf7+ Rxf7 19. Qxf7 Nd4 20. Qg7+ Kd6 21. Qxb7 Nxb3 22. axb3 Ke6 23. Nc7+ 1-0

[Event "Bialystok Zamenhof Memorial 35th"]
[Site "Bialystok"]
[Date "2016.12.29"]
[Round "5"]
[White "Sroka, Janusz"]
[Black "Luba, Lukasz"]
[Result "0-1"]
[WhiteElo "2045"]
[BlackElo "2114"]
[PlyCount "58"]
[EventDate "2016.12.27"]
[EventType "swiss (rapid)"]
[EventRounds "9"]
[EventCountry "POL"]
[SourceTitle "CBM 176 Extra"]
[Source "ChessBase"]
[SourceDate "2017.03.02"]
[SourceVersion "1"]
[SourceVersionDate "2017.03.02"]
[SourceQuality "1"]

1. e4 g6 2. Nc3 Bg7 3. g3 c5 4. Bg2 Nc6 5. d3 d6 6. f4 h5 7. Nf3 Nd4 8. h3 Bd7 9. 0-0 Qc8 10. Kh2 Bg4 11. h4 Nh6 12. Nd5 Qd7 13. c3 Nxf3+ 14. Bxf3 e6 15. Ne3 f5 16. Nxg4 hxg4 17. Bg2 Bf6 18. Be3 0-0-0 19. Kg1 Rh7 20. Qe1 Rdh8 21. Bf2 Nf7 22. d4 g5 23. fxg5 Nxg5 24. e5 Bd8 25. Be3 Nf3+ 26. Bxf3 gxf3 27. Rxf3 Bxh4 28. Kf2 Bxg3+ 29. Rxg3 Rh2+ 0-1

[Event "Rewal op-B 18th"]
[Site "Rewal"]
[Date "2013.08.27"]
[Round "7"]
[White "Kopica, Paulina"]
[Black "Sroka, Janusz"]
[Result "0-1"]
[WhiteElo "1750"]
[BlackElo "2095"]
[PlyCount "60"]
[EventDate "2013.08.20"]
[EventType "swiss"]
[EventRounds "9"]
[EventCountry "POL"]
[SourceTitle "CBM 156 Extra"]
[Source "ChessBase"]
[SourceDate "2013.10.22"]
[SourceVersion "1"]
[SourceVersionDate "2013.10.22"]
[SourceQuality "1"]

1. e4 e5 2. d4 exd4 3. Nf3 d6 4. Nxd4 Nf6 5. Nc3 Be7 6. Be2 0-0 7. 0-0 Re8 8. f4 Bf8 9. Bf3 c5 10. Nb3 Nc6 11. h3 a5 12. a4 Qb6 13. Kh1 Nb4 14. Nd2 Be6 15. f5 Bd7 16. Nc4 Qa6 17. b3 Bc6 18. Re1 d5 19. Nd2 d4 20. Na2 Bd6 21. Bb2 Bg3 22. Nxb4 axb4 23. Re2 Rad8 24. Nf1 Be5 25. Qd3 Qa8 26. Nd2 Qb8 27. Nc4 Bc7 28. Bc1 Nd7 29. Bd2 b5 30. Nb2 Ne5 0-1

[Event "Rewal op-B 18th"]
[Site "Rewal"]
[Date "2013.08.20"]
[Round "1"]
[White "Suliborski, Artur"]
[Black "Sroka, Janusz"]
[Result "1-0"]
[WhiteElo "1817"]
[BlackElo "2095"]
[PlyCount "65"]
[EventDate "2013.08.20"]
[EventType "swiss"]
[EventRounds "9"]
[EventCountry "POL"]
[SourceTitle "CBM 156 Extra"]
[Source "ChessBase"]
[SourceDate "2013.10.22"]
[SourceVersion "1"]
[SourceVersionDate "2013.10.22"]
[SourceQuality "1"]

1. d4 d6 2. Nf3 Nf6 3. c4 g6 4. Nc3 Bg7 5. e4 0-0 6. Be2 Na6 7. 0-0 e5 8. Re1 exd4 9. Nxd4 Nc5 10. Bf1 Re8 11. f3 a5 12. Be3 c6 13. Nc2 Qe7 14. Qd2 Be6 15. Rad1 Rad8 16. Bf4 Bf8 17. Bg5 Bg7 18. Bf4 Bf8 19. Bg5 Bc8 20. Nd5 cxd5 21. exd5 Be6 22. Nd4 Bg7 23. Qf4 h6 24. Bxh6 Nh5 25. Qd2 Bxh6 26. Qxh6 Qf6 27. dxe6 fxe6 28. Nb5 e5 29. Qd2 b6 30. Qd5+ Kg7 31. g3 Rf8 32. Bg2 Qf5 33. g4 1-0

[Event "Gora Sw Anny op-A 6th"]
[Site "Gora Sw Anny"]
[Date "2013.01.26"]
[Round "2"]
[White "Kuciel, Wladyslaw"]
[Black "Sroka, Janusz"]
[Result "0-1"]
[WhiteElo "2036"]
[BlackElo "2129"]
[PlyCount "94"]
[EventDate "2013.01.26"]
[EventType "swiss"]
[EventRounds "10"]
[EventCountry "POL"]
[SourceTitle "CBM 152 Extra"]
[Source "ChessBase"]
[SourceDate "2013.02.25"]
[SourceVersion "1"]
[SourceVersionDate "2013.02.25"]
[SourceQuality "1"]

1. d4 Nf6 2. c4 g6 3. Nc3 Bg7 4. e4 d6 5. Nf3 0-0 6. Be2 Na6 7. 0-0 e5 8. Be3 exd4 9. Nxd4 Re8 10. f3 c6 11. Qd2 Qe7 12. Nc2 Bf8 13. Rad1 Nd7 14. h3 f6 15. Bf4 Ne5 16. Bg3 Nf7 17. b4 Be6 18. f4 f5 19. exf5 Bxf5 20. a3 Bg7 21. Nd4 Nc7 22. Bf3 Qf6 23. Bf2 Ne6 24. Nde2 Nf8 25. Bd4 Qe7 26. g4 Be6 27. Bxg7 Kxg7 28. Rfe1 Qh4 29. Ne4 Kg8 30. Qc3 Nd7 31. Kg2 d5 32. N4g3 Nf6 33. Nd4 Bd7 34. cxd5 cxd5 35. Qb3 h5 36. Rh1 Ne4 37. Bxe4 dxe4 38. Qd5 Ba4 39. Rde1 Rad8 40. Qc4 Rc8 41. Qa2 Qf6 42. Qd2 Red8 43. Nge2 Rc2 44. g5 Qb6 45. Qxc2 Bxc2 46. Nxc2 Rd2 47. Na1 Qe3 0-1

[Event "Gora Sw Anny op-A 6th"]
[Site "Gora Sw Anny"]
[Date "2013.01.26"]
[Round "1"]
[White "Sroka, Janusz"]
[Black "Malaniuk, Vladimir P"]
[Result "0-1"]
[WhiteElo "2129"]
[BlackElo "2529"]
[PlyCount "80"]
[EventDate "2013.01.26"]
[EventType "swiss"]
[EventRounds "10"]
[EventCountry "POL"]
[SourceTitle "CBM 152 Extra"]
[Source "ChessBase"]
[SourceDate "2013.02.25"]
[SourceVersion "1"]
[SourceVersionDate "2013.02.25"]
[SourceQuality "1"]

1. e4 e5 2. Nf3 Nc6 3. d3 Nge7 4. Be2 g6 5. 0-0 Bg7 6. c3 a5 7. a4 0-0 8. Na3 h6 9. Re1 d6 10. d4 exd4 11. Nxd4 Kh7 12. Be3 f5 13. exf5 Nxf5 14. Nxf5 Bxf5 15. Nb5 Qd7 16. h3 Rae8 17. Nd4 Nxd4 18. Bxd4 Bxd4 19. Qxd4 Re4 20. Qd2 Bxh3 21. Bb5 Rxe1+ 22. Rxe1 c6 23. Re3 Bf5 24. Qe2 Rf7 25. Bc4 d5 26. Bb3 Rg7 27. Re5 Qd8 28. Qe3 Qg5 29. Qxg5 hxg5 30. f3 g4 31. fxg4 Bxg4 32. Bc2 Rf7 33. Re8 Kh6 34. Rg8 Bh5 35. Rb8 Be2 36. Rg8 Rf1+ 37. Kh2 Bh5 38. Rb8 Rf2 39. Bd3 Rxb2 40. Ba6 Bd1 0-1

[Event "POL-chT 2nd League"]
[Site "Lazy"]
[Date "2012.09.09"]
[Round "9"]
[White "Meczynski, Waldemar"]
[Black "Sroka, Janusz"]
[Result "1-0"]
[WhiteElo "2153"]
[BlackElo "2109"]
[PlyCount "53"]
[EventDate "2012.09.01"]
[EventType "team-swiss"]
[EventRounds "9"]
[EventCountry "POL"]
[SourceTitle "EXT 2019"]
[Source "ChessBase"]
[SourceDate "2018.10.10"]
[SourceVersion "1"]
[SourceVersionDate "2018.10.10"]
[SourceQuality "1"]
[WhiteTeam "Konin Hetman"]
[BlackTeam "Lubsko Caissa"]
[WhiteTeamCountry "POL"]
[BlackTeamCountry "POL"]

1. e4 e5 2. Nf3 d6 3. d4 Nd7 4. Nc3 Ngf6 5. Bc4 Be7 6. Rg1 0-0 7. g4 Nb6 8. Be2 Nfd7 9. Be3 c6 10. Qd2 Qc7 11. 0-0-0 Re8 12. g5 Bf8 13. h4 a6 14. h5 g6 15. hxg6 hxg6 16. Rh1 Bg7 17. Rh4 Nf8 18. Rdh1 Nbd7 19. Nh2 Nb8 20. Ng4 Bxg4 21. Bxg4 b5 22. f4 b4 23. Qh2 f6 24. gxf6 Bxf6 25. Rh8+ Kf7 26. fxe5 dxe5 27. Rh7+ 1-0

[Event "POL-chT 2nd League"]
[Site "Lazy"]
[Date "2012.09.08"]
[Round "8"]
[White "Sroka, Janusz"]
[Black "Khamidov, Komil"]
[Result "1-0"]
[WhiteElo "2109"]
[BlackElo "2113"]
[PlyCount "81"]
[EventDate "2012.09.01"]
[EventType "team-swiss"]
[EventRounds "9"]
[EventCountry "POL"]
[SourceTitle "EXT 2019"]
[Source "ChessBase"]
[SourceDate "2018.10.10"]
[SourceVersion "1"]
[SourceVersionDate "2018.10.10"]
[SourceQuality "1"]
[WhiteTeam "Lubsko Caissa"]
[BlackTeam "Wroclaw KS Polonia"]
[WhiteTeamCountry "POL"]
[BlackTeamCountry "POL"]

1. e4 e5 2. a3 Nf6 3. d3 d5 4. Nd2 Bc5 5. c3 Ng4 6. Nh3 0-0 7. b4 Bb6 8. exd5 c6 9. d6 e4 10. d4 Nxf2 11. Nxf2 e3 12. Nf3 exf2+ 13. Kxf2 Qxd6 14. Bd3 Bg4 15. Bxh7+ Kxh7 16. Ng5+ Kg8 17. Qxg4 Nd7 18. Bf4 Bxd4+ 19. cxd4 Qxd4+ 20. Kg3 Nf6 21. Qf3 g6 22. Rhd1 Qb2 23. h3 Rfe8 24. Rab1 Qc2 25. Qd3 Nh5+ 26. Kf3 Qxg2+ 27. Kxg2 Nxf4+ 28. Kf3 Nxd3 29. Rxd3 Re5 30. Kg4 Rae8 31. Rbd1 f6 32. Nf3 Re3 33. Rxe3 Rxe3 34. Rd7 Rxa3 35. Rxb7 a5 36. Nd4 axb4 37. Nxc6 f5+ 38. Kg5 Rxh3 39. Kf6 Rc3 40. Ne7+ Kh8 41. Nxg6+ 1-0

[Event "POL-chT 2nd League"]
[Site "Lazy"]
[Date "2012.09.05"]
[Round "5"]
[White "Chomczyk, Marek"]
[Black "Sroka, Janusz"]
[Result "0-1"]
[WhiteElo "1876"]
[BlackElo "2109"]
[PlyCount "114"]
[EventDate "2012.09.01"]
[EventType "team-swiss"]
[EventRounds "9"]
[EventCountry "POL"]
[SourceTitle "EXT 2019"]
[Source "ChessBase"]
[SourceDate "2018.10.10"]
[SourceVersion "1"]
[SourceVersionDate "2018.10.10"]
[SourceQuality "1"]
[WhiteTeam "Warszawa Polonia II"]
[BlackTeam "Lubsko Caissa"]
[WhiteTeamCountry "POL"]
[BlackTeamCountry "POL"]

1. e4 e5 2. Nf3 d6 3. d4 exd4 4. Nxd4 Nf6 5. Nc3 Be7 6. Be2 0-0 7. Be3 c6 8. 0-0 Re8 9. f3 Bf8 10. Qd2 Nbd7 11. Rad1 Ne5 12. Bg5 h6 13. Bh4 Ng6 14. Bf2 Nh5 15. Be3 Nf6 16. Bc4 Qe7 17. Bf2 Nh5 18. Rfe1 Nhf4 19. Nde2 Nxe2+ 20. Rxe2 b5 21. Bb3 a5 22. a3 Ba6 23. Ree1 Qf6 24. Bd4 Qh4 25. Bf2 Qf6 26. Bd4 Qe7 27. Bf2 Qc7 28. Bg3 Rad8 29. Ne2 Bc8 30. c4 bxc4 31. Bxc4 Ne5 32. Ba2 Ba6 33. Qc3 Qb6+ 34. Bf2 Qc7 35. Nd4 Rc8 36. Rd2 g6 37. Rc1 c5 38. f4 Ng4 39. Qg3 Qd7 40. f5 cxd4 41. Rxc8 Rxc8 42. Qxg4 Bg7 43. h3 Rc1+ 44. Kh2 Be5+ 45. Bg3 g5 46. Qh5 Bxg3+ 47. Kxg3 d5 48. Kh2 Qc7+ 49. g3 Rc2 50. Qd1 d3 51. Bb3 Rxd2+ 52. Qxd2 dxe4 53. Kg2 Qb6 54. Qc3 e3 55. h4 Bb7+ 56. Kh3 Qc6 57. Qxd3 Qg2+ 0-1

[Event "POL-chT 2nd League"]
[Site "Lazy"]
[Date "2012.09.04"]
[Round "4"]
[White "Nguyen, Piotr"]
[Black "Sroka, Janusz"]
[Result "1-0"]
[WhiteElo "2382"]
[BlackElo "2109"]
[PlyCount "69"]
[EventDate "2012.09.01"]
[EventType "team-swiss"]
[EventRounds "9"]
[EventCountry "POL"]
[SourceTitle "EXT 2019"]
[Source "ChessBase"]
[SourceDate "2018.10.10"]
[SourceVersion "1"]
[SourceVersionDate "2018.10.10"]
[SourceQuality "1"]
[WhiteTeam "Gostynin Gostmat 83"]
[BlackTeam "Lubsko Caissa"]
[WhiteTeamCountry "POL"]
[BlackTeamCountry "POL"]

1. f4 Nf6 2. Nf3 d5 3. g3 g6 4. Bg2 Bg7 5. 0-0 0-0 6. d3 c6 7. c3 Nbd7 8. Qe1 Qc7 9. Nh4 e5 10. f5 Qb6+ 11. Kh1 e4 12. d4 Re8 13. b3 c5 14. dxc5 Qxc5 15. h3 b6 16. g4 Bb7 17. Qg3 Ba6 18. Be3 Qc6 19. Qf2 Ne5 20. g5 Nh5 21. Kg1 Rac8 22. a4 Nd7 23. Bd4 Be5 24. Bxe5 Nxe5 25. a5 Rb8 26. c4 dxc4 27. Nc3 Qc5 28. axb6 Qxf2+ 29. Kxf2 e3+ 30. Kg1 Rxb6 31. Nd5 Reb8 32. Nxb6 Rxb6 33. Ra5 Nd3 34. bxc4 Ndf4 35. c5 1-0

[Event "Rewal op-B 17th"]
[Site "Rewal"]
[Date "2012.08.??"]
[Round "6"]
[White "Blaszkiewicz, Mateusz"]
[Black "Sroka, Janusz"]
[Result "0-1"]
[WhiteElo "1879"]
[BlackElo "2109"]
[PlyCount "122"]
[EventDate "2012.08.20"]
[EventType "swiss"]
[EventRounds "9"]
[EventCountry "POL"]
[SourceTitle "EXT 2014"]
[Source "ChessBase"]
[SourceDate "2013.11.20"]
[SourceVersion "1"]
[SourceVersionDate "2013.11.20"]
[SourceQuality "1"]

1. b3 Nf6 2. Bb2 d6 3. e3 g6 4. Bxf6 exf6 5. Nf3 Bg7 6. d4 0-0 7. Bd3 f5 8. 0-0 Nd7 9. c4 Nf6 10. Nc3 c6 11. Rc1 Re8 12. b4 a5 13. b5 Nh5 14. Ne2 Bd7 15. Ng3 Nf6 16. bxc6 bxc6 17. c5 d5 18. Ne5 Ng4 19. Nxd7 Qxd7 20. Qa4 Qc7 21. Be2 Nf6 22. Rb1 h5 23. Bf3 h4 24. Ne2 g5 25. g3 hxg3 26. hxg3 Rab8 27. Rb3 Rxb3 28. axb3 Bh6 29. Ra1 Qb7 30. Qxa5 Qxb3 31. Qa2 Qb8 32. Rb1 Qc7 33. Qa6 Qd7 34. Rb7 Qe6 35. Rc7 Kg7 36. Rxc6 Qe7 37. Rd6 g4 38. Bxd5 Bxe3 39. Qd3 Bh6 40. Nf4 Bxf4 41. gxf4 Qe1+ 42. Qf1 Qd2 43. Kg2 Re1 44. Rxf6 Rxf1 45. Rxf7+ Kg6 46. Kxf1 Qxd4 47. Rd7 Qxc5 48. Kg2 Qb4 49. Rd8 Qxf4 50. Rg8+ Kf6 51. Bb7 Qb4 52. Bd5 Ke5 53. Bc6 Kf4 54. Ba8 Qc3 55. Bd5 Ke5 56. Bb7 Qb3 57. Rg7 Qh3+ 58. Kg1 Kf6 59. Bg2 Qb3 60. Rb7 Qd1+ 61. Kh2 Qd4 0-1